Register variation and language standards in Czech

Titel: Register variation and language standards in Czech / Neil Bermel
Verfasser:
Veröffentlicht: München ˜[u.a.]œ : LINCOM Europa, 2000
Umfang: 132 S. : Ill., graph. Darst. ; 21 cm
Format: Buch
Sprache: Englisch
Schriftenreihe/
mehrbändiges Werk:
LINCOM studies in Slavic linguistics ; 13
RVK-Notation:
Schlagworte:
ISBN: 3895866121
Buchumschlag
X
Lokale Klassifikation: 23 10 B
alg: 9050067
001A    $06000:23-03-00 
001B    $01999:24-05-24 $t22:41:12.000 
001C    $00026:30-09-09 $t10:28:41.000 
001D    $00026:30-09-09 
001U    $0utf8 
001X    $00 
002@    $0Aau 
003@    $0090500679 
003O    $043983736 $aOCoLC 
004A    $03-89586-612-1 $fPb. : DM 108.00 (freier Pr.), EUR 55.22 (freier Pr.) 
006G    $0958597979 
006T    $000,N14,0632 
007A    $0958597979 $aDNB 
007G    $0DE013A572CFFB25CDA89DC1257641002F8CCD 
007T    $0Herdh02458 
009P    $qapplication/pdf $A2 $3Inhaltsverzeichnis $uhttp://scans.hebis.de/HEBCGI/show.pl?09050067_toc.pdf $mV:DE-603;B:DE-26 
010@    $aeng 
011@    $a2000 $n2000 
015@    $00 
021A    $aRegister variation and language standards in Czech $hNeil Bermel 
028A    $71324389745 $8Bermel, Neil$Z1965- [Tp3] $9516545566 
033A    $pMünchen {[u.a.] $nLINCOM Europa 
034D    $a132 S. 
034I    $a21 cm 
034M    $aIll., graph. Darst. 
036E    $aLINCOM studies in Slavic linguistics $l13 
036F    $x213 $8LINCOM studies in Slavic linguistics $9046756043 $l13 
044K    $RWestslawische Sprachen $#Czech language $#Tchèque (langue) $#Lingua ceca $#Lengua checa $#Tschechisch $#Tschechische Sprache $74061084-6 $8Tschechisch [Ts1] $9085169617 
044K    $RSchriftsprache $RSprache $RGemeinsprache $#Standard language $#Normalisation linguistique $#Hochsprache $#Einheitssprache $#Hochsprache $74077831-9 $8Standardsprache [Ts1] $9085220574 
044K    $#Abwandlung $#Variierung $74187414-6 $8Variation [Ts1] $9085918814 
045E    $a57 
045F    $a400 $eDDC23BSB 
045F/01 $a400 
045F/03 $g4371 
045G    $a417.7094371 $eDDC23BSB 
045G/01 $a417.7 
045G/03 $g4371 
045Z    $8KR 1220 [Tkv] $9409306959 

lok: 9050067 24
101B    $004-12-02 $t14:16:26.001 
101C    $001-11-00 
145Z/01 $a23 10 B 
101U    $0utf8 

exp: 9050067 24 1 #EPN
201B/01 $021-07-06 $t10:42:59.000 
201C/01 $001-11-00 
203@/01 $0147361516 
208@/01 $a01-11-00 $bz 
209A/01 $a00.2958 $du $f050 $h00 2958 $x00 
209C/01 $a00.2958 K $h00 2958 K 
209G/01 $a71465284 $x00 
247C/01 $8358050-7 Marburg, Bibliothek des Herder-Instituts Marburg $9102600961 
201U/01 $0utf8 

lok: 9050067 25

exp: 9050067 25 1 #EPN
201B/01 $005-08-25 $t11:54:31.000 
201C/01 $023-01-01 
201U/01 $0utf8 
203@/01 $015083957X 
208@/01 $a30-09-04 $br 
209A/01 $aG 81-5-B32 $dd $f075 $x00 
209C/01 $a19836/00 
209G/01 $a73266364 $x00 
209G/01 $aSlavistik $x01 
247C/01 $8651075-9 <77/075>Mainz, Universität Mainz, Bereichsbibliothek Philosophicum, Standort Slavistik $9102600244 

lok: 9050067 78

exp: 9050067 78 1 #EPN
201B/01 $025-11-17 $t23:17:15.000 
201U/01 $0utf8 
203@/01 $0791770206 
208@/01 $a12-11-16 $be 
209A/01 $a/ $f000 $x00 
220C/01 $aTitelaufnehmer: ra 
237A/01 $aweiterführende Signatur(en): Herder-Institut: 00.2958 
244Z/01 $#Tschechien $#Tschechische Republik $#Tschechien $#Tschechische Republik $#Tschechenland $#Tschechei Tschechien $#Česká Republika $#Czech Republic $#ČR $74303381-7 $8--Tg1--Tschechien $x01 $9086659812 
244Z/01 $2Trx $#Böhmen $#Bohemia $#Czechy $8--Trx--Čechy $x02 $9391188941 
244Z/01 $2Trx $#keel, tšehhi $#kalba, čekų $#Language, Czech $#nyelv, cseh $#język czeski $#jazyk český $#jazyk český $8--Trx--Sprache, tschechische $x03 $9391370200 
244Z/01 $2Trx $8--Trx--Monographie $x04 $9391384546 
245Z/01 $a11.07 $x01 
247C/01 $82080>Marburg/Lahn, Herder-Institut, Forschungsbibliothek, Bibliographieportal $9336309341 

lok: 9050067 204

exp: 9050067 204 1 #EPN
201B/01 $009-04-24 $t16:58:20.000 
201C/01 $018-08-09 
201U/01 $0utf8 
203@/01 $0580698769 
208@/01 $a18-08-09 $bzUB 
209A/01 $a000 KR 1220 B516 $du $f000 $x00 
209G/01 $a60778280 $x00 
247C/01 $8631000-x <26>Gießen, Universität Gießen, Universitätsbibliothek Gießen $9102596697
LEADER 00000cam a2200000 c 4500
001 090500679
003 DE-603
005 20240524224112.0
007 tu
008 000323s2000 xx |||| | u00||u|eng
015 |a 00,N14,0632  |2 dnb 
016 7 |2 DE-101  |a 958597979 
020 |a 3895866121  |c Pb. : DM 108.00 (freier Pr.), EUR 55.22 (freier Pr.) 
035 |a (DE-599)DNB958597979 
035 |a (OCoLC)43983736 
040 |a DE-603  |b ger  |c DE-603  |d DE-603 
041 |a eng 
082 0 4 |8 1\u  |a 400  |q DE-101  |2 23/BSB 
083 0 |8 2\u  |a 417.7094371  |q DE-101  |2 23/BSB 
084 |a 57  |q DE-101  |2 sdnb 
084 |a KR 1220  |0 (DE-625)83233:  |0 (DE-603)409306959  |2 rvk 
085 |8 1\u  |b 400 
085 |8 1\u  |z 2  |s 4371 
085 |8 2\u  |b 417.7 
085 |8 2\u  |z 2  |s 4371 
100 1 |a Bermel, Neil  |d 1965-  |0 (DE-603)516545566  |0 (DE-588)1324389745  |2 gnd 
245 0 0 |a Register variation and language standards in Czech  |c Neil Bermel 
264 1 |a München ˜[u.a.]œ  |b LINCOM Europa  |c 2000 
300 |a 132 S.  |b Ill., graph. Darst.  |c 21 cm 
490 1 |a LINCOM studies in Slavic linguistics  |v 13 
650 7 |a Tschechisch  |0 (DE-588)4061084-6  |0 (DE-603)085169617  |2 gnd 
650 7 |a Standardsprache  |0 (DE-588)4077831-9  |0 (DE-603)085220574  |2 gnd 
650 7 |a Variation  |0 (DE-588)4187414-6  |0 (DE-603)085918814  |2 gnd 
830 0 |t LINCOM studies in Slavic linguistics  |v 13  |w (DE-603)046756043  |w (DE-600)1446863-3  |9 213  |7 as 
856 4 2 |m V:DE-603;B:DE-26  |q application/pdf  |u http://scans.hebis.de/HEBCGI/show.pl?09050067_toc.pdf  |3 Inhaltsverzeichnis 
924 0 |9 Mb 50  |a (DE-603)147361516  |b DE-Mb50  |c HES  |d c  |g 00.2958 
924 0 |9 77/075  |a (DE-603)15083957X  |b DE-77-075  |c HES  |d d  |g G 81-5-B32 
924 0 |9 2080  |a (DE-603)791770206  |b DE-2080  |c HES  |d d  |g / 
924 0 |9 26  |a (DE-603)580698769  |b DE-26  |c HES  |d c  |g 000 KR 1220 B516